000 01817pam a2200469 a 4500
008 090630s2009 nyua c 000 1 eng d
020 _a9780545132671 (pbk.)
020 _a9780329711245 (Follett bdg.)
020 _a0545132673
020 _a0329711245
040 _aICrlF
_cICrlF
_dICrlF
082 0 4 _a[Fic]
_222
100 1 _aBlade, Adam.
_978235
245 1 0 _aSpiros the Ghost Phoenix /
_cby Adam Blade ; illustrated by Ezra Tucker.
260 _aNew York :
_bScholastic,
_cc2009.
300 _a111 p. :
_bill. ;
_c20 cm.
490 1 _aBeast quest special edition ;
_vSE 1
490 1 _aLittle apple
520 _aTom, fighting to rescue his aunt and uncle from the evil wizard Marvel with the help of his animal companions, faces off against a beast known as Spiros the Ghost Phoenix.
521 0 _a4.6
_bFollett Library Resources
521 2 _a3-6
_bFollett Library Resources
650 0 _aQuests (Expeditions)
_vJuvenile fiction.
_95675013
650 0 _aPhoenix (Mythical bird)
_vJuvenile fiction.
_95795334
650 0 _aVoyages and travels
_vJuvenile fiction.
_95676180
650 1 _aQuests (Expeditions)
_vFiction.
_95676172
650 1 _aPhoenix (Mythical bird)
_vFiction.
_95795335
650 1 _aVoyages and travels
_vFiction.
_96325559
650 1 _aFantasy.
_96325560
650 7 _aVoyages and travels
_vFiction.
_2sears
_96325559
650 7 _aPhoenix (Mythical bird)
_vFiction.
_2sears
_95795335
650 7 _aFantasy fiction.
_2sears
_96325561
655 7 _aFantasy fiction.
_2gsafd
_96325562
700 1 _aTucker, Ezra N.,
_eill.
_943547
800 1 _aBlade, Adam.
_tBeast quest special edition ;
_vSE 1.
_96325563
830 0 _aLittle apple.
_927991
521 2 _a3-6
035 _a(IMchF)fol12320410
005 20241220152107.0
001 209491
003 DCL
942 _cUNKNOWN
_027
999 _c155485
_d155485